El movimiento reformador de la observancia en la Provincia Agustiniana de España / (Record no. 23450)
[ view plain ]
| 000 -LEADER | |
|---|---|
| campo de control de longitud fija | 00646nam a2200181 i 4500 |
| 001 - NÚMERO DE CONTROL | |
| campo de control | 23450 |
| 003 - IDENTIFICADOR DE NÚMERO DE CONTROL | |
| campo de control | ES-MaACL |
| 005 - FECHA Y HORA DE LA ÚLTIMA TRANSACCIÓN | |
| campo de control | 20230906152855.0 |
| 007 - CAMPO FIJO DE DESCRIPCIÓN FÍSICA--INFORMACIÓN GENERAL | |
| campo de control de longitud fija | t| |
| 008 - DATOS DE LONGITUD FIJA--INFORMACIÓN GENERAL | |
| campo de control de longitud fija | 021210s1971 sp ||||1| spa d |
| 100 1# - ENTRADA PRINCIPAL--NOMBRE DE PERSONA | |
| Nombre de persona | Alvarez Gutiérrez, Luis. |
| 9 (RLIN) | 20837 |
| 245 13 - MENCIÓN DEL TÍTULO | |
| Título | El movimiento reformador de la observancia en la Provincia Agustiniana de España / |
| Mención de responsabilidad, etc. | Luis Alvarez Gutiérrez. |
| 260 ## - PUBLICACIÓN, DISTRIBUCIÓN, ETC. | |
| Lugar de publicación, distribución, etc. | Madrid : |
| Nombre del editor, distribuidor, etc. | Universidad de Madrid, Facultad de Filosofía y Letras, |
| Fecha de publicación, distribución, etc. | 1971. |
| 300 ## - DESCRIPCIÓN FÍSICA | |
| Extensión | 56 p. ; |
| Dimensiones | 19 cm. |
| 502 ## - NOTA DE TESIS | |
| Nota de tesis | Tesis doctoral. |
| 710 2# - ENTRADA AGREGADA--NOMBRE DE ENTIDAD CORPORATIVA | |
| Nombre de entidad corporativa o nombre de jurisdicción como elemento de entrada | Universidad de Madrid. |
| Unidad subordinada | Facultad de Filosofía y Letras. |
| 9 (RLIN) | 7214 |
| 852 ## - LOCALIZACIÓN | |
| Ubicación | ES-MaACL |
| Número de control de estantería | C-50571 |
| Sublocalización o colección | R.79293 |
| Estatus retirado | Estado de pérdida | Estado de daño | No para préstamo | Biblioteca de origen | Biblioteca actual | Ubicación en estantería | Fecha de adquisición | Fuente de adquisición | Total de préstamos | Signatura topográfica completa | Código de barras | Visto por última vez | Precio de reemplazo | Tipo de ítem Koha |
|---|---|---|---|---|---|---|---|---|---|---|---|---|---|---|
| Biblioteca del Ateneo de Madrid | Biblioteca del Ateneo de Madrid | Depósito 2 | 17/01/2008 | C-50571 | 1024162 | 23/02/2023 | 23/02/2023 | Libro impreso |
